Europäische Geographie – Sudden Death - Statistiken

Allgemein
  • Dieses Quiz wurde 1.345 mal gespielt
  • Das Durchschnittsergebnis liegt bei 8 aus 15
Answers on the Grid
Answers color-coded by a green-red scale on the quiz's grid according to % correct below.
Alpen
Ärmelkanal
Azowsches Meer
Baikhash-See
Beringmeer
Bretagne-Halbinsel
Drin-Fluss
Ellesmere-Insel
Golf von Bengalen
Golf von Biskaya
Golf von Carpentaria
Golf von Colorado
Golf von Guinea
Kap Agulhas
Kap York-Halbinsel
Karpaten
Kola-Halbinsel
Komsomolez-Insel
Lena-Fluss
Lésbos
Lucayan-Archipel
Marmarameer
Matterhorn
Mistassini-See
Mittelmeer
Mont Blanc
Öresund
Rockies
Tasmanien
Weichsel
 
Antwortstatistiken
Antwort % Korrekt
Alpen
85%
Mittelmeer
82%
Mont Blanc
82%
Matterhorn
78%
Ärmelkanal
69%
Öresund
63%
Weichsel
62%
Karpaten
56%
Bretagne-Halbinsel
55%
Lésbos
45%
Golf von Biskaya
34%
Marmarameer
24%
Azowsches Meer
23%
Kola-Halbinsel
17%
Drin-Fluss
11%
Keine übereinstimmenden Quizze gefunden
Verteilung der Resultate
Anzahl Personen mit jedem Resultat
Perzentil nach korrekt beantworteten Fragen
Ihre Resultats-Entwicklung
Sie haben dieses Quiz noch nicht gespielt